[Event "Moscow op (Women) 16th"]
[Site "Moscow"]
[Date "2020.01.31"]
[Round "7"]
[White "Laukhina, Margarita A"]
[Black "Diveeva, Daryia"]
[Result "1/2-1/2"]
[WhiteElo "1772"]
[BlackElo "1645"]
[PlyCount "80"]
[EventDate "2020.01.25"]
[EventType "swiss"]
[EventRounds "9"]
[EventCountry "RUS"]
[SourceTitle "CBM 194 Extra"]
[Source "ChessBase"]
[SourceDate "2020.03.31"]
[SourceVersion "1"]
[SourceVersionDate "2020.03.31"]
[SourceQuality "1"]

1. d4 d5 2. c4 c6 3. Nf3 Nf6 4. Nc3 dxc4 5. a4 e6 6. e3 c5 7. Bxc4 Nc6 8. 0-0 cxd4 9. exd4 Be7 10. Qc2 0-0 11. Rd1 Qc7 12. Nb5 Qb8 13. g3 Bd6 14. Bg5 a6 15. Nc3 Be7 16. Ne5 h6 17. Bf4 Bd6 18. a5 Qc7 19. Nxc6 Qxc6 20. d5 exd5 21. Nxd5 Kh8 22. Bxd6 Qxd6 23. Nb6 Qc6 24. f3 Qc5+ 25. Qf2 Qxf2+ 26. Kxf2 Rb8 27. Bxf7 Rxf7 28. Rd8+ Kh7 29. Rxc8 Rxc8 30. Nxc8 Rc7 31. Nd6 Rc2+ 32. Ke3 Rxb2 33. h4 b6 34. axb6 Rxb6 35. Nc4 Rb3+ 36. Kf2 Rc3 37. Ne3 Rc6 38. g4 Nd7 39. Ra5 Nc5 40. Nf5 Nb3 1/2-1/2

[Event "Moscow op (Women) 16th"]
[Site "Moscow"]
[Date "2020.01.29"]
[Round "5"]
[White "Afanasieva, Alexandra"]
[Black "Laukhina, Margarita A"]
[Result "1-0"]
[WhiteElo "1990"]
[BlackElo "1772"]
[PlyCount "153"]
[EventDate "2020.01.25"]
[EventType "swiss"]
[EventRounds "9"]
[EventCountry "RUS"]
[SourceTitle "CBM 194 Extra"]
[Source "ChessBase"]
[SourceDate "2020.03.31"]
[SourceVersion "1"]
[SourceVersionDate "2020.03.31"]
[SourceQuality "1"]

1. e4 e6 2. d4 d5 3. Nc3 Bb4 4. e5 c5 5. a3 Bxc3+ 6. bxc3 Qa5 7. Bd2 Qa4 8. Qb1 c4 9. h4 h6 10. h5 Ne7 11. Nf3 Nbc6 12. g3 Bd7 13. Bh3 0-0-0 14. Nh4 g5 15. hxg6 fxg6 16. Ng2 Rdf8 17. Qc1 h5 18. Bg5 Qa5 19. Qd2 Rf3 20. Ne3 Rhf8 21. Bf6 Ng8 22. Bg2 R3xf6 23. exf6 Nxf6 24. 0-0 Qc7 25. f4 h4 26. gxh4 Nh5 27. Ng4 Ng3 28. Rf3 Ne4 29. Qe3 Ne7 30. Ne5 Nf5 31. Qe1 Be8 32. Rh3 Nfd6 33. Bxe4 Nxe4 34. Qe3 Qg7 35. Nxc4 Qf6 36. Nd2 Nxd2 37. Qxd2 Qf5 38. Rg3 Qh5 39. Kg2 Qxh4 40. Rh1 Qe7 41. Qe3 Bd7 42. Rxg6 Qxa3 43. Kg3 Qa4 44. Rh2 a5 45. Rgh6 Qc6 46. Rh8 Rxh8 47. Rxh8+ Kc7 48. Ra8 b6 49. Qe5+ Qd6 50. Ra7+ Kc6 51. Qg7 Bc8 52. Kf3 Kb5 53. Qf7 Kc6 54. Qe8+ Bd7 55. Qd8 e5 56. Qa8+ Kb5 57. dxe5 Qe6 58. Rxd7 Qxd7 59. Ke3 Kc4 60. Qa6+ Kxc3 61. Qd3+ Kb4 62. f5 a4 63. Qd4+ Ka5 64. e6 Qd6 65. Kd2 a3 66. Kc1 b5 67. Kb1 b4 68. Qa7+ Kb5 69. Qd7+ Kc5 70. Qa7+ Kb5 71. Qd7+ Kc5 72. Qa7+ Kc4 73. Qe3 Qe7 74. Qe5 Qc5 75. Qe2+ Kd4 76. Qf2+ Kc4 77. Qxc5+ 1-0

[Event "Chigorin Memorial 27th"]
[Site "St Petersburg"]
[Date "2019.10.11"]
[Round "7"]
[White "Frolov, Aleksey G"]
[Black "Laukhina, Margarita A"]
[Result "1-0"]
[WhiteElo "2093"]
[BlackElo "1770"]
[PlyCount "43"]
[EventDate "2019.10.05"]
[EventType "swiss"]
[EventRounds "9"]
[EventCountry "RUS"]
[SourceTitle "EXT 2021"]
[Source "ChessBase"]
[SourceDate "2020.10.23"]
[SourceVersion "1"]
[SourceVersionDate "2020.10.23"]
[SourceQuality "1"]

1. e4 e6 2. d4 d5 3. Nc3 Nc6 4. Nf3 Bb4 5. e5 Nge7 6. Bd3 Ba5 7. 0-0 Bb6 8. Ne2 Na5 9. c3 h6 10. Nf4 a6 11. a4 Ba7 12. b4 Nc4 13. Nh5 Kf8 14. b5 a5 15. Qe2 Nb6 16. Ba3 Nd7 17. Nh4 c5 18. bxc6 bxc6 19. Qg4 g5 20. f4 c5 21. fxg5 hxg5 22. Rxf7+ 1-0

[Event "Chigorin Memorial 27th"]
[Site "St Petersburg"]
[Date "2019.10.07"]
[Round "3"]
[White "Korolev, Artem"]
[Black "Laukhina, Margarita A"]
[Result "1/2-1/2"]
[WhiteElo "1459"]
[BlackElo "1770"]
[PlyCount "82"]
[EventDate "2019.10.05"]
[EventType "swiss"]
[EventRounds "9"]
[EventCountry "RUS"]
[SourceTitle "EXT 2020"]
[Source "ChessBase"]
[SourceDate "2019.10.17"]
[SourceVersion "1"]
[SourceVersionDate "2019.10.17"]
[SourceQuality "1"]

1. c4 c6 2. Nc3 d5 3. cxd5 cxd5 4. d4 Nc6 5. Bf4 e6 6. e3 Nf6 7. Nf3 Be7 8. Bb5 0-0 9. h3 Qb6 10. 0-0 a6 11. Bxc6 bxc6 12. Qc2 Bd7 13. Ne5 Rac8 14. Bg5 Qd8 15. Na4 Be8 16. Bxf6 gxf6 17. Nd3 Kh8 18. f4 Rg8 19. f5 Rg5 20. Ndc5 Qd6 21. fxe6 fxe6 22. Qf2 Bg6 23. Nb6 Rg8 24. Kh1 Bf5 25. g4 Be4+ 26. Nxe4 dxe4 27. Qf4 Qd8 28. Nc4 Qf8 29. Qxe4 Qh6 30. Kg2 f5 31. Qe5+ R8g7 32. Rh1 Bf6 33. Qxe6 fxg4 34. hxg4 Rxg4+ 35. Kf3 Rg3+ 36. Ke2 Qg6 37. Rhf1 Rg2+ 38. Kf3 Qg3+ 39. Ke4 Rg4+ 40. Kf5 Rg6 41. Ke4 Rg4+ 1/2-1/2

[Event "Chigorin Memorial 27th"]
[Site "St Petersburg"]
[Date "2019.10.05"]
[Round "1"]
[White "Ilyasli, Ughur"]
[Black "Laukhina, Margarita A"]
[Result "1-0"]
[WhiteElo "2243"]
[BlackElo "1770"]
[PlyCount "81"]
[EventDate "2019.10.05"]
[EventType "swiss"]
[EventRounds "9"]
[EventCountry "RUS"]
[SourceTitle "EXT 2020"]
[Source "ChessBase"]
[SourceDate "2019.10.17"]
[SourceVersion "1"]
[SourceVersionDate "2019.10.17"]
[SourceQuality "1"]

1. d4 Nf6 2. c4 g6 3. Nc3 Bg7 4. e4 d6 5. Nge2 0-0 6. Ng3 e5 7. d5 a5 8. Be2 Na6 9. h4 c6 10. h5 Nc7 11. Bg5 Nce8 12. Qb3 Qc7 13. Rc1 Bd7 14. Na4 c5 15. Nb6 Ra6 16. Nxd7 Qxd7 17. a4 Qc8 18. Rh4 Qc7 19. Qf3 Qd7 20. b3 Qc7 21. Kd2 Rb6 22. Kc2 Ra6 23. Rch1 Ra8 24. Nf5 gxf5 25. h6 Nxe4 26. hxg7 Nxg7 27. Bh6 f6 28. Bxg7 Ng5 29. Qxf5 Qxg7 30. Rh6 Rae8 31. f3 b6 32. g3 Re7 33. Bd1 Rff7 34. Kb1 Qh8 35. f4 exf4 36. gxf4 Ne4 37. Rg1+ Kf8 38. Bh5 Nc3+ 39. Kb2 Ne2 40. Bxf7 Nxg1 41. Rxh7 1-0

[Event "RUS-chT U14 final"]
[Site "Sochi"]
[Date "2019.05.05"]
[Round "5.3"]
[White "Kolinchenko, Sofia"]
[Black "Laukhina, Margarita A"]
[Result "1-0"]
[WhiteElo "1403"]
[BlackElo "1638"]
[PlyCount "83"]
[EventDate "2019.05.01"]
[EventType "team-tourn"]
[EventRounds "9"]
[EventCountry "RUS"]
[SourceTitle "CBM 190 Extra"]
[Source "ChessBase"]
[SourceDate "2019.07.15"]
[SourceVersion "1"]
[SourceVersionDate "2019.07.15"]
[SourceQuality "1"]

1. d4 d5 2. Nf3 Nf6 3. e3 e6 4. Bd3 c5 5. b3 Bd6 6. Nbd2 Nc6 7. Bb2 0-0 8. 0-0 Qe7 9. Ne5 Nb4 10. Be2 Nd7 11. a3 Nc6 12. Ndf3 f6 13. Nxd7 Bxd7 14. dxc5 Bxc5 15. b4 Bd6 16. c4 dxc4 17. Bxc4 a6 18. Qd3 Rfd8 19. Rfd1 Be8 20. Qe4 Bf7 21. h3 f5 22. Qc2 Rac8 23. Qc3 e5 24. Qb3 Bxc4 25. Qxc4+ Qf7 26. Qxf7+ Kxf7 27. Rd5 e4 28. Ng5+ Kg6 29. Ne6 Rd7 30. Rad1 Kf7 31. Nc5 Re7 32. Rxd6 a5 33. b5 Ne5 34. Bxe5 Rxc5 35. Bd4 Rxb5 36. Rb6 Rd5 37. Rdb1 f4 38. Rxb7 fxe3 39. Rxe7+ Kxe7 40. fxe3 Rd7 41. Rb5 a4 42. Ra5 1-0

[Event "Chigorin Memorial 26th"]
[Site "St Petersburg"]
[Date "2018.11.02"]
[Round "7"]
[White "Ponomarev, Denis1111"]
[Black "Laukhina, Margarita A"]
[Result "1/2-1/2"]
[WhiteElo "1879"]
[BlackElo "1555"]
[PlyCount "110"]
[EventDate "2018.10.27"]
[EventType "swiss"]
[EventRounds "9"]
[EventCountry "RUS"]
[SourceTitle "CBM 187 Extra"]
[Source "ChessBase"]
[SourceDate "2018.11.04"]
[SourceVersion "1"]
[SourceVersionDate "2018.11.04"]
[SourceQuality "1"]

1. e4 e6 2. d4 d5 3. Nd2 c5 4. exd5 exd5 5. Ngf3 Nc6 6. dxc5 Bxc5 7. Be2 Nge7 8. 0-0 0-0 9. Nb3 Bd6 10. Bg5 f6 11. Bh4 Qb6 12. c4 Be6 13. Nfd4 Bf7 14. Nb5 Be5 15. c5 Qd8 16. f4 Bc7 17. Nxc7 Qxc7 18. Be1 Nf5 19. Qd3 Rfe8 20. Qxf5 Rxe2 21. Bc3 Rae8 22. Rf3 Qe7 23. Rh3 h6 24. Rf3 Re4 25. Rd1 Re3 26. Qg4 Kh8 27. Bd2 Rxf3 28. Qxf3 d4 29. Re1 Qd7 30. Rxe8+ Qxe8 31. Qd3 Qe7 32. Nxd4 Qxc5 33. Be3 Qa5 34. Qc3 Qxa2 35. Nxc6 Qa1+ 36. Qc1 Qxc1+ 37. Bxc1 bxc6 38. Be3 a6 39. Kf2 Kh7 40. b4 Kg6 41. Bc5 h5 42. Bd6 Kf5 43. Ke3 Bd5 44. Kf2 Ke4 45. Ke2 Bc4+ 46. Kf2 Bd5 47. Ke2 Kd4 48. g3 Kc4 49. Kd2 Kb5 50. Kc3 a5 51. bxa5 Kxa5 52. Bf8 g5 53. Be7 gxf4 54. gxf4 f5 55. Kd4 Kb5 1/2-1/2